Los derechos de la persona que está por nacer

Salvato in:
Dettagli Bibliografici
Ente Autore: Universidad Santo Tomás (Autore)
Natura: Libro
Lingua:spagnolo
Pubblicazione: Santiago Universidad Santo Tomás 2001
Soggetti:
Tags: Aggiungi Tag
Nessun Tag, puoi essere il primo ad aggiungerne!!

MARC

LEADER 00000nam a2200000 a 4500
001 UCM0805
003 CL-VaPUC
005 20240723095919.0
008 020315e20010000cl 1 spa d
999 |c 383758  |d 383756 
040 |c Pontificia Universidad Católica de Valparaíso 
082 0 4 |a 342.085  |b UNI  |2 21 
110 2 |a Universidad Santo Tomás  |e author  |9 620090 
245 1 4 |a Los derechos de la persona que está por nacer 
260 |a Santiago  |b Universidad Santo Tomás  |c 2001 
300 |a 146 p 
505 |a Juan Pablo II y su defensa del que está por nacer /Jesús Ginés Ortega El genoma humano, nociones fundamentales /Marco Perretta Paiva Inicio y desarrollo del ser humano /María Montserrat Martín Martín El estatuto jurídico del embrión humano /Rodolfo Carlos Barra Derecho a la vida y derechos fundamentales de la persona que está por nacer /Miguel Ángel Fernández González La protección jurídica de la persona que está por nacer en la jurisprudencia chilena /Eduardo Soto Kloss Mujer y maternidad: su ser y su expresión en la sociedad actual /Raquel Rubio Huidobro 
518 |p Conferencias Santo Tomás de Aquino: Los Derechos de la persona que está por nacer, 3, Santiago, 16 de noviembre de 2000 
536 |a Universidad Santo Tomás 
546 |a En Español 
583 |a last modification  |c 20020315 00:00:00  |k Rodrigo Vera 
650 0 0 |a Derechos fundamentales   |9 254841 
650 0 0 |a Derecho a la vida  |9 337220 
650 0 7 |a PROTECCION JURIDICA DEL EMBRION HUMANO  |2 CL-VaPUC  |9 450129 
650 0 0 |a Maternidad  |9 335758 
650 0 7 |a GENOMA HUMANO  |2 CL-VaPUC  |9 467807 
650 0 0 |a Mujer  |9 255613 
651 7 |a CHILE  |2 CL-VaPUC  |9 620091 
942 |c BK  |2 ddc 
945 |a vberengu  |d 20020315 00:00:00 
952 |0 0  |1 0  |4 0  |6 342_085000000000000_UNI_2001  |7 0  |8 A  |9 506008  |a BIBDER  |b BIBDER  |d 2020-01-23  |i 381517K  |o 342.085 UNI 2001  |p 381517K  |r 2023-01-25  |w 2020-01-23  |y BK  |k DER